Flagi losowych państw i terytoriów świata. - Statystyki

Ogólne statystyki
  • Ten quiz został rozwiązany 62 razy
  • Średni wynik to 10 z 14
Statystyki odpowiedzi
Obrazkowy Odpowiedź % Poprawnych
Szkocja
98%
Algieria
96%
Grenlandia
89%
Demokratyczna Republika Konga
87%
Kiribati
83%
Bahamy
81%
Belize
81%
Salwador
72%
Vanuatu
72%
Kalifornia
69%
Tuvalu
69%
Samoa
67%
Hawaje
30%
Kaszuby
6%
Nie znaleziono quizów pasujących do podanych kryteriów
Rozkład punktacji
Procent ludzi z każdym wynikiem
Percentyl według liczby udzielonych odpowiedzi
Twoja historia wyników
Nie rozwiązałeś tego quizu